000 00408nam a2200133Ia 4500
008 151001s9999||||xx |||||||||||||| ||und||
100 _aव रा रत्नपारखी
245 _aमहाराष्ट्र मातेचे माहेर
250 _a1
260 _bबालवाड्मय निर्मिती शिबीर
260 _c1961
300 _a23
365 _b7
999 _c952884
_d952881